000 01571nam a2200265 a 4500
001 000007256
005 20200929154118.0
008 090907s1995 dr d r 001 0 spa d
020 _a8489539103
040 _aDO-SdBNP
_bspa
_cBNPHU
082 _a509.7293
_bM181c
100 1 _aMorrison, Ramón
_917447
245 1 0 _aCiencia y tecnología en la historia dominicana /
_cRamón Morrison, Nicolás Madé Serrano.
260 _aSanto Domingo :
_bColorscan,
_c1995.
300 _a277 p. :
_bgráf. ;
_c23 cm.
500 _aIncluye Incluye datos biográficos de los autores en las solapas
500 _aIncluye referencias bibliográficas y notas al pie de las páginas
504 _aBibliografia: p. 261-276
505 2 _aVisión sistémica de la ciencia y la tecnología en la historia -- Ciencia y tecnología en España antes del encuentro de las dos culturas -- Cosmología y sistema tecnológico en la sociedad Taína -- Encuentro de las dos culturas predominantes -- Ciencia y tecnología desde los Jerónimos hasta la revolución de los precios -- España y las fronteras de la tecnología -- Giro en el Sistema Tecnológico -- España y las fronteras de la ciencia -- Los naturalistas y las universidades en la Isla Española -- Ciencia y tecnología en la culminación de los precedentes republicanos
590 _aInventariado, 2019/MFF
650 4 _aTecnología
_zRepública Dominicana
_xHistoria
_920141
650 4 _aCiencia
_zRepública Dominicana
_xHistoria
_920142
700 1 _aMadé Serrano, Nicolás
_911801
910 _aValidado. Control de calidad MFF
999 _c7037
_d7037